|
|
|
|
| LEADER |
00000nam0a2200000 4500 |
| 001 |
110872 |
| 005 |
20231031120608.0 |
| 035 |
|
|
|a (RuTPU)RU\TPU\book\119734
|
| 090 |
|
|
|a 110872
|
| 100 |
|
|
|a 20070302d1971 k y0rusy50 ca
|
| 101 |
0 |
|
|a rus
|
| 102 |
|
|
|a RU
|
| 105 |
|
|
|a a z 001zy
|
| 200 |
1 |
|
|a Труды ВНИИ-I
|h Т. XXXI
|f Всесоюзный научно-исследовательский институт золота и редких металлов ; под ред. С. В. Потемкина
|
| 210 |
|
|
|a Магадан
|c Изд-во ВНИИ золота и редких металлов
|d 1971
|
| 215 |
|
|
|a 436 с.
|c ил.
|
| 320 |
|
|
|a Библиография в конце разделов.
|
| 610 |
1 |
|
|a геология
|
| 610 |
1 |
|
|a горное дело
|
| 610 |
1 |
|
|a механизация
|
| 610 |
1 |
|
|a автоматизация
|
| 610 |
1 |
|
|a мерзлотоведение
|
| 610 |
1 |
|
|a обогащение
|
| 610 |
1 |
|
|a металлургия
|
| 675 |
|
|
|a 553.4
|v 3
|
| 675 |
|
|
|a 622.34
|v 3
|
| 702 |
|
1 |
|a Потемкин
|b С. В.
|4 340
|
| 712 |
0 |
2 |
|a Всесоюзный научно-исследовательский институт золота и редких металлов
|2 stltpush
|3 (RuTPU)RU\TPU\col\7605
|
| 801 |
|
1 |
|a RU
|b 63413507
|c 20070302
|g PSBO
|
| 801 |
|
2 |
|a RU
|b 63413507
|c 20080505
|g PSBO
|
| 942 |
|
|
|c BK
|